000 00453nam a2200169Ia 4500
005 20250423101034.0
008 250422s9999 xx 000 0 und d
020 _a7787789607266
050 _aUA 853 .S78/
100 _aEdited by Chukwuma C.C. Osakwe & Mohammed T. Ibrahim
245 0 _aStudies in disarmament, demobilization and reintegration
260 _aKaduna
260 _bDe-Skill Plus
260 _c2017
300 _a379 p
942 _cBK
999 _c35099
_d35099